Gran libro de los retratos de animales /

Guardado en:
Autor Principal: Junakovic, Svjetlan
Otros Autores: Fortes, Antón; trad.
Formato: Libro
Publicado: Córdoba [argentina] : Ediciones de la Magnolia, 2011
Materias:
Etiquetas: Agregar Etiqueta
Sin Etiquetas, Sea el primero en etiquetar este registro!
LEADER 00835nam a22002415a 4500
001 CEM.cems015413
005 20191204170857.0
008 130507s2011##################000#0#####d
003 CEMS
020 |a 9789872680534 
082 0 4 |a 891.82 
100 1 |a Junakovic, Svjetlan 
245 1 0 |a Gran libro de los retratos de animales /  |c Svjetlan Junakovic ; traducido Por Antón Fortes 
260 |a Córdoba [argentina] :  |b Ediciones de la Magnolia,  |c 2011 
300 |a 48 p. 
653 |a Literatura 
653 |a Literatura croata 
653 |a Literatura infantil 
653 |a Cuentos infantiles 
653 |a Colección ciencias de la educación 
700 1 |a Fortes, Antón; trad. 
859 |a CEMS  |b BIB. CEMS - Ccias. Educacion  |h 891.82  |i J951  |k CE  |p 28842.19  |t Ej.1 
859 |a CEMS  |b BIB. CEMS - Ccias. Educacion  |h 891.82  |i J951  |k CE  |p 28843.19  |t Ej.2